Автоматизированное проектирование измерительной подсистемы электростанций; Энергетика: экология, надежность, безопасность; Т. 2

গ্রন্থ-পঞ্জীর বিবরন
Parent link:Энергетика: экология, надежность, безопасность: материалы докладов седьмой Всероссийской научно-технической конференции, Томск, 5-7 декабря 2001 г./ Томский политехнический университет ; Российский фонд фундаментальных исследований ; Международная энергетическая академия ; Международная академия наук экологии и безопасности жизнедеятельности ; Томская область, Администрация.— , 2001-
Т. 2.— 2001.— С. 90.
প্রধান লেখক: Бекенов Е. Б.
অন্যান্য লেখক: Космынина Н. М. (научный руководитель)
ভাষা:রুশ
প্রকাশিত: 2001
বিষয়গুলি:
বিন্যাস: গ্রন্থের অধ্যায়
KOHA link:https://koha.lib.tpu.ru/cgi-bin/koha/opac-detail.pl?biblionumber=82580

MARC

LEADER 00000naa2a2200000 4500
001 82580
005 20231031095755.0
035 |a (RuTPU)RU\TPU\book\88743 
090 |a 82580 
100 |a 20051004d2001 k y0rusy50 ca 
101 0 |a rus 
102 |a RU 
200 1 |a Автоматизированное проектирование измерительной подсистемы электростанций  |f Е. Б. Бекенов  |g науч. рук. Н. М. Космынина 
461 1 |0 (RuTPU)RU\TPU\book\73537  |t Энергетика: экология, надежность, безопасность  |o материалы докладов седьмой Всероссийской научно-технической конференции, Томск, 5-7 декабря 2001 г.  |o В 2 т.  |f Томский политехнический университет ; Российский фонд фундаментальных исследований ; Международная энергетическая академия ; Международная академия наук экологии и безопасности жизнедеятельности ; Томская область, Администрация  |d 2001- 
463 0 |0 (RuTPU)RU\TPU\book\73089  |t Т. 2  |v С. 90.  |d 2001  |p 144 с. 
610 1 |a измерительные системы 
610 1 |a подсистемы 
610 1 |a проектирование 
610 1 |a автоматизация 
610 1 |a САПР 
610 1 |a труды учёных ТПУ 
700 1 |a Бекенов  |b Е. Б. 
702 1 |a Космынина  |b Н. М.  |4 727 
801 1 |a RU  |b 63413507  |c 20051004  |g PSBO 
801 2 |a RU  |b 63413507  |c 20160427  |g RCR 
942 |c BK